000 00498nam a2200181Ia 4500
999 _c36748
_d36748
003 OSt
005 20201218140516.0
008 190216s9999||||xx |||||||||||||| ||und||
020 _a9781877019111
040 _coclc
082 _a423.1
_bFOG/V
100 _aFog City Press
245 0 _aVisual Dictionary /
_cFog City Press
260 _bFog City Press Sanfrancise,
_aUSA:
_c2003.
300 _a608p
650 _aEnglish
942 _cREF
_2ddc
_h423.1
_iFOG/V
_k423.1
_mFOG/V